Не ради славы: очерки о подвигах воинов-сибиряков в годы Великой Отечественной войны

Chi tiết về thư mục
Tác giả chính: Медведев Е. Е. Ефим Евгеньевич
Ngôn ngữ:Tiếng Nga
Được phát hành: Новосибирск, Новосибирское книжное изд-во, 1986
Những chủ đề:
Định dạng: MixedMaterials Sách
KOHA link:https://koha.lib.tpu.ru/cgi-bin/koha/opac-detail.pl?biblionumber=176453

MARC

LEADER 00000nam0a2200000 4500
001 176453
005 20231031165311.0
020 |a RU  |b 86-80668 
035 |a (RuTPU)RU\TPU\book\191294 
090 |a 176453 
100 |a 20100301d1986 m y0rusy5003 ca 
101 0 |a rus 
102 |a RU 
105 |a a z 000cy 
200 1 |a Не ради славы  |e очерки о подвигах воинов-сибиряков в годы Великой Отечественной войны  |f Е. Е. Медведев 
210 |a Новосибирск  |c Новосибирское книжное изд-во  |d 1986 
215 |a 160 с.  |c ил. 
610 1 |a Великая Отечественная война 1941-1945 
610 1 |a сибиряки 
610 1 |a подвиги 
610 1 |a женщины 
610 1 |a очерки 
675 |a 9(с)27  |v 3 
686 |a Ц4,6(2)1  |2 rubbk 
700 1 |a Медведев  |b Е. Е.  |g Ефим Евгеньевич  |4 070 
801 0 |a RU  |b RuMRKP  |c 19950704  |g psbo 
801 1 |a RU  |b 63413507  |c 20100301 
801 2 |a RU  |b 63413507  |c 20100315  |g RCR 
942 |c BK